000 00834nam a2200241Ia 4500
003 GCL
008 140319s9999 xx 000 0 ara d
040 _aGCL /
_cGCL
082 0 4 _aد
_b721
_bك م
100 1 _aكلية الهندسة المعمارية
245 1 0 _aالمجلة المعمارية العلمية : الاعداد 1-2-3-4-5-6-7 /
_cكلية الهندسة المعمارية
260 _a[S.N] :
_bجامعة بيروت العربية
490 _aجامعة بيروت العربية
_v0
650 0 4 _aالهندسة
650 0 4 _aالتصميم الانشائى
650 0 4 _aنظرية الانشاءات
650 0 4 _aالبناء
650 0 4 _aالعمارة
650 0 4 _aالرسم المعمارى
650 0 4 _aالعمارة الحديثة
650 0 4 _aالدوريات
942 _2ddc
_cBK
999 _c36705
_d36705